| 000 | 00487nam a2200145 a 4500 | ||
|---|---|---|---|
| 008 | 120416s0000 ||||||||||||||||| || u | ||
| 020 | _a0043000282 | ||
| 050 | _aHM 33 Ben | ||
| 100 | _aBenn, Stanley I | ||
| 245 | 1 | 0 | _aSocial principles and the democratic state |
| 260 |
_aLondon _bAllen & Unwin _c1959 |
||
| 300 | _a403p. | ||
| 350 | _a0.00 | ||
| 995 |
_D0.00 _FCBU-MAIN LIBRARY (Kitwe) _H1 _I8.95 _UDAMAGED _ZMain Library Open Access Collection |
||
| 999 |
_c57719 _d57719 |
||